000 00328pab a2200121 454500
008 180718b xxu||||| |||| 00| 0 eng d
100 _aLorenz, Detlef
245 _aNew situations facing the newly industrialising countries in East Asia
300 _a33-44
650 _aIndustry - Asia, East
773 _aEconomic
909 _a10528
999 _c10528
_d10528